[Event "Titled Tuesday intern op 22nd Aug Late"]
[Site "Chess.com INT"]
[Date "2023.08.22"]
[Round "7"]
[White "Fernandez, Nelson Wilfredo"]
[Black "Troff, Kayden W"]
[Result "0-1"]
[WhiteElo "2013"]
[BlackElo "2483"]
[PlyCount "88"]
[EventDate "2023.08.22"]
[EventType "swiss (blitz)"]
[EventRounds "11"]
[EventCountry "USA"]
[SourceTitle "EXT 2024"]
[Source "ChessBase"]
[SourceDate "2023.10.10"]
[SourceVersion "1"]
[SourceVersionDate "2023.10.10"]
[SourceQuality "1"]

1. d4 Nf6 2. c4 g6 3. Nc3 d5 4. Bg5 Ne4 5. Bh4 Nxc3 6. bxc3 dxc4 7. Nf3 Bg7 8. e3 Be6 9. Qb1 b6 10. Ng5 Bd5 11. e4 Bb7 12. Bxc4 0-0 13. 0-0 h6 14. Nf3 Nc6 15. a4 Na5 16. Ba2 c5 17. Qd3 Rc8 18. d5 c4 19. Qe3 Qd7 20. Nd4 e6 21. dxe6 fxe6 22. Rad1 Qf7 23. Nb5 Rc5 24. Nd6 Qc7 25. Nxb7 Qxb7 26. Bg3 Rcc8 27. Rd6 Rcd8 28. Rfd1 Rxd6 29. Rxd6 Qe7 30. Qd2 Rf7 31. h3 Kh7 32. Bb1 e5 33. Bc2 Bf8 34. Rd5 Bg7 35. Rd6 Nb7 36. Rd5 Nc5 37. f3 Qc7 38. Bf2 Nb7 39. Be3 Qc6 40. Rd6 Nxd6 41. Qf2 Nb7 42. Qh4 Nc5 43. g4 Qf6 44. g5 Qxf3 0-1

[Event "Titled Tuesday intern op 30th Aug Late"]
[Site "Chess.com INT"]
[Date "2022.08.30"]
[Round "3"]
[White "Fajdetic, Hrvoje"]
[Black "Fernandez, Nelson Wilfredo"]
[Result "0-1"]
[WhiteElo "2151"]
[BlackElo "1979"]
[PlyCount "134"]
[EventDate "2022.08.30"]
[EventType "swiss (blitz)"]
[EventRounds "11"]
[EventCountry "USA"]
[SourceTitle "EXT 2023"]
[Source "ChessBase"]
[SourceDate "2022.10.05"]
[SourceVersion "1"]
[SourceVersionDate "2022.10.05"]
[SourceQuality "1"]

1. d4 d5 2. Bf4 Nf6 3. e3 e6 4. Nd2 Bd6 5. Bg3 0-0 6. Bd3 c5 7. c3 Qc7 8. Ngf3 Nbd7 9. dxc5 Qxc5 10. e4 Bxg3 11. hxg3 dxe4 12. Nxe4 Nxe4 13. Bxe4 Nf6 14. Bc2 h6 15. Qd3 Bd7 16. g4 Bb5 17. Qd4 Rfc8 18. g5 hxg5 19. 0-0-0 g4 20. Ne5 Qxd4 21. Rxd4 Rd8 22. Rb4 Bc6 23. Nxg4 Nd5 24. Rd4 Kf8 25. Ne5 Ke7 26. Nxc6+ bxc6 27. Rhd1 Rh8 28. Be4 Rh2 29. c4 Nf6 30. Bxc6 Rc8 31. Bf3 e5 32. Re1 Ke6 33. b3 Kf5 34. Rd2 e4 35. Bd1 Rxg2 36. Bc2 Re8 37. Rde2 Kf4 38. Kb2 a5 39. a3 Kf3 40. Kc3 Rxf2 41. Re3+ Kf4 42. b4 axb4+ 43. axb4 Ra8 44. Bxe4 Ra3+ 45. Kd4 Rd2+ 46. Rd3 Raa2 47. Rf1+ Kg4 48. b5 Nxe4 49. Kxe4 f5+ 50. Kd4 f4 51. Rxd2 Rxd2+ 52. Kc3 Rd8 53. b6 Rc8 54. c5 Rxc5+ 55. Kb4 Rc8 56. Kb5 f3 57. b7 Rb8 58. Kc6 g5 59. Kc7 Rxb7+ 60. Kxb7 Kf4 61. Kc6 g4 62. Kd5 g3 63. Kd4 g2 64. Rd1 f2 65. Kd3 f1Q+ 66. Kd2 Qxd1+ 67. Kxd1 g1Q+ 0-1

[Event "Titled Tuesday intern op 01st Feb-B"]
[Site "Chess.com INT"]
[Date "2022.02.02"]
[Round "4"]
[White "Mustafayev, Farid Farman Oglu"]
[Black "Fernandez, Nelson Wilfredo"]
[Result "1-0"]
[WhiteElo "2322"]
[BlackElo "1953"]
[PlyCount "87"]
[EventDate "2022.02.02"]
[EventType "swiss (blitz)"]
[EventRounds "11"]
[EventCountry "USA"]
[SourceTitle "CBM 206 Extra"]
[Source "ChessBase"]
[SourceDate "2022.03.31"]
[SourceVersion "1"]
[SourceVersionDate "2022.03.31"]
[SourceQuality "1"]

1. Nf3 d5 2. b3 Nc6 3. Bb2 Bg4 4. d4 Nf6 5. e3 a6 6. Be2 e6 7. 0-0 Bd6 8. Nbd2 Ne7 9. h3 Bh5 10. c4 c6 11. Ne5 Bxe2 12. Qxe2 Ng6 13. f4 0-0 14. e4 dxe4 15. Nxe4 Nxe4 16. Qxe4 Ne7 17. Rad1 Qc7 18. Nd3 Nf5 19. Kh2 Rfe8 20. g4 Nh4 21. Kg3 Ng6 22. h4 h5 23. c5 Bf8 24. gxh5 Ne7 25. Ne5 Nf5+ 26. Kh3 Qe7 27. Nf3 Qf6 28. Rg1 Qh6 29. Rg5 f6 30. Rg6 Qxh5 31. Rdg1 Kf7 32. Qe2 Qh7 33. R6g4 Rad8 34. Qc2 Rd5 35. Nd2 Red8 36. Nc4 Qh5 37. Nb6 Rxd4 38. Bxd4 Rxd4 39. Qe2 Qh6 40. Re1 e5 41. fxe5 Rd2 42. Qc4+ Ke7 43. exf6+ Kxf6 44. Qe6# 1-0

[Event "Titled Tuesday intern op 01st Feb-B"]
[Site "Chess.com INT"]
[Date "2022.02.02"]
[Round "8"]
[White "Zhou, Qiyu"]
[Black "Fernandez, Nelson Wilfredo"]
[Result "1/2-1/2"]
[WhiteElo "2218"]
[BlackElo "1953"]
[PlyCount "108"]
[EventDate "2022.02.02"]
[EventType "swiss (blitz)"]
[EventRounds "11"]
[EventCountry "USA"]
[SourceTitle "CBM 206 Extra"]
[Source "ChessBase"]
[SourceDate "2022.03.31"]
[SourceVersion "1"]
[SourceVersionDate "2022.03.31"]
[SourceQuality "1"]

1. e4 e5 2. Nf3 Nc6 3. Bb5 a6 4. Ba4 Nf6 5. 0-0 b5 6. Bb3 Bc5 7. c3 d6 8. Re1 Bb6 9. h3 0-0 10. d4 h6 11. d5 Ne7 12. Bc2 Ng6 13. b3 Re8 14. c4 Nh5 15. Be3 Bxe3 16. fxe3 Bd7 17. Nbd2 Nh4 18. Nf1 g6 19. Qe2 Kg7 20. Qf2 Nxf3+ 21. Qxf3 Qg5 22. Kh2 Rf8 23. Ng3 Nf6 24. Rf1 h5 25. Bd3 c6 26. Ne2 bxc4 27. bxc4 Qh4 28. Qg3 Qxg3+ 29. Nxg3 c5 30. Rab1 Rfb8 31. Ne2 Rb4 32. a3 Rbb8 33. Nc3 Ne8 34. Kg3 f6 35. Kf2 Kf7 36. Ke2 Ke7 37. Kd2 Nc7 38. Kc2 Ne8 39. Rxb8 Rxb8 40. Rb1 Rxb1 41. Kxb1 Kd8 42. a4 Kc7 43. a5 Kb8 44. Bc2 Nc7 45. Ba4 Kc8 46. Bxd7+ Kxd7 47. Na4 f5 48. Nb6+ Ke7 49. exf5 gxf5 50. Kc2 Ne8 51. Nc8+ Kf6 52. Nb6 Ke7 53. Nc8+ Kd7 54. Nb6+ Ke7 1/2-1/2

[Event "Philadelphia op 11th"]
[Site "Philadelphia"]
[Date "2017.04.13"]
[Round "2"]
[White "Daggupati, Balaji"]
[Black "Fernandez, Nelson Wilfredo"]
[Result "1-0"]
[WhiteElo "2152"]
[BlackElo "1922"]
[PlyCount "93"]
[EventDate "2017.04.12"]
[EventType "swiss"]
[EventRounds "9"]
[EventCountry "USA"]
[SourceTitle "CBM 177 Extra"]
[Source "ChessBase"]
[SourceDate "2017.04.27"]
[SourceVersion "1"]
[SourceVersionDate "2017.04.27"]
[SourceQuality "1"]

1. e4 e5 2. Nf3 Nc6 3. Bb5 a6 4. Ba4 Nf6 5. 0-0 Be7 6. Re1 b5 7. Bb3 d6 8. c3 0-0 9. d4 Bg4 10. Be3 h6 11. Nbd2 Re8 12. d5 Na5 13. Bc2 Qc8 14. h3 Bd7 15. b4 Nb7 16. c4 c6 17. dxc6 Qxc6 18. Bd3 Nd8 19. a3 Ne6 20. Rc1 Qb7 21. Nb3 Rac8 22. Nfd2 Bd8 23. Qe2 Bb6 24. cxb5 axb5 25. Na5 Bxa5 26. bxa5 Nc5 27. Bxc5 dxc5 28. Rb1 Rb8 29. a4 b4 30. Nb3 Qa7 31. Bb5 Rec8 32. Rec1 Rb7 33. Ba6 Rbc7 34. Bxc8 Rxc8 35. Qe3 Bxa4 36. Rxc5 Re8 37. Rxe5 Ra8 38. Qxa7 Rxa7 39. Nd4 Nd7 40. Rd5 Nf6 41. Rf5 Nxe4 42. Rxb4 Bd7 43. Rb8+ Kh7 44. Rxf7 Nf6 45. Ne6 Kg6 46. Rxg7+ Kf5 47. Nc5 1-0

[Event "Pan American-ch U20"]
[Site "Guatape"]
[Date "2016.06.24"]
[Round "8"]
[White "Noboa Silva, Kevin Omar"]
[Black "Fernandez, Nelson Wilfredo"]
[Result "1-0"]
[WhiteElo "2201"]
[BlackElo "1814"]
[PlyCount "75"]
[EventDate "2016.06.20"]
[EventType "swiss"]
[EventRounds "9"]
[EventCountry "COL"]
[SourceTitle "EXT 2017"]
[Source "ChessBase"]
[SourceDate "2016.10.25"]
[SourceVersion "1"]
[SourceVersionDate "2016.10.25"]
[SourceQuality "1"]

1. e4 e5 2. Nf3 Nc6 3. d4 exd4 4. Nxd4 Bb4+ 5. c3 Bc5 6. Be3 Bb6 7. Nf5 g6 8. Bxb6 axb6 9. Ne3 Nf6 10. f3 0-0 11. Be2 d6 12. 0-0 Re8 13. c4 Nh5 14. Qd2 Bd7 15. Re1 Ne5 16. b3 Re6 17. Nc2 Qh4 18. Nc3 Bc6 19. g4 Ng3 20. Bd1 Nh5 21. gxh5 gxh5 22. Kh1 Rg6 23. Nd4 Nd3 24. Rf1 Nf4 25. Rf2 Kh8 26. Nf5 Qg5 27. Bc2 Rag8 28. h4 Qf6 29. Qxf4 Qxc3 30. Raf1 Qf6 31. Qd2 Qd8 32. Qd4+ f6 33. Bd1 Bd7 34. f4 Bxf5 35. exf5 Rg3 36. Bxh5 Qf8 37. Rh2 Qg7 38. Qf2 1-0

[Event "Pan American-ch U20"]
[Site "Guatape"]
[Date "2016.06.22"]
[Round "4"]
[White "Fernandez, Nelson Wilfredo"]
[Black "Salcedo Perez, Pablo Esteban"]
[Result "0-1"]
[WhiteElo "1814"]
[BlackElo "2035"]
[PlyCount "40"]
[EventDate "2016.06.20"]
[EventType "swiss"]
[EventRounds "9"]
[EventCountry "COL"]
[SourceTitle "EXT 2017"]
[Source "ChessBase"]
[SourceDate "2016.10.25"]
[SourceVersion "1"]
[SourceVersionDate "2016.10.25"]
[SourceQuality "1"]

1. e4 c5 2. Nf3 d6 3. Bb5+ Bd7 4. a4 Nc6 5. c3 Nf6 6. d3 e6 7. 0-0 Be7 8. Re1 a6 9. Bc4 d5 10. Bb3 dxe4 11. dxe4 e5 12. Nbd2 0-0 13. Nc4 Qc7 14. Bg5 Rad8 15. Qe2 Be6 16. Bc2 b5 17. Ne3 c4 18. Nf5 Bxf5 19. exf5 Rfe8 20. Nxe5 Nxe5 0-1